000
00291nam a2200121Ia 4500
005
20251222155143.0
008
251222s9999||||xx |||||||||||||| ||spa||
082
_a
NUT.32
100
_a
Ministerio de Salud.
245
0
_a
Micronutrientes Ministerio de Salud
264
_b
Minsa
942
_c
LIB
999
_c
39264
_d
39264